000 00590cam a2200217 4500500
005 20260329003602.0
041 _afre
042 _adc
100 1 0 _aOrtoli, Sven
_eauthor
245 0 0 _aCombien tu pariesĀ ?
260 _c2016.
500 _a39
690 _aArgent
690 _aCrime
690 _aJeu
690 _aPari
690 _aRoger Caillois
690 _aSven Ortoli
786 0 _nPhilosophie magazine | 97 | 3 | 2016-03-01 | p. 11-11 | 1951-1787
856 4 1 _uhttps://shs.cairn.info/magazine-philosophie-magazine-2016-3-page-11?lang=fr&redirect-ssocas=7080
999 _c1825830
_d1825829